| 000 | 00669 a2200205 4500 | ||
|---|---|---|---|
| 001 | 54686 | ||
| 005 | 20260407155821.0 | ||
| 008 | 260407a1979 arg spa d | ||
| 003 | AR-UNSa-BCEJYS | ||
| 040 |
_aAR-UNSa-BCEJYS _bspa _cAR-UNSa-BCEJYS |
||
| 080 |
_a929 _xEstudios biográficos y relacionados |
||
| 245 | 1 | 0 | _aMi vida y mi tiempo |
| 264 | 1 |
_aBuenos Aires : _bEl Ateneo _c1979 |
|
| 300 |
_a272 p. _c23 cm. |
||
| 505 | _aI. Crónica de la Atlántida - II. Un hombre joven en un mundo viejo - III. El veranillo de San Martín de la inocencia | ||
| 041 | _aspa | ||
| 942 | _cBK | ||
| 590 | _aniveau_biblio:m niveau_hierar:0 | ||
| 100 | 1 | _aDrucker, Peter Ferdinand | |
| 999 |
_c5712 _d5712 |
||